Bfdia Characters and Team names - Statistics

General Stats
  • This quiz has been taken 78 times
  • The average score is 22 of 35
Answer Stats
Hint Answer % Correct
. Pin
79%
. Firey
78%
. Free Smart
78%
. Pencil
76%
. Tennis Ball
76%
. Golf Ball
74%
. Book
72%
. Dora
72%
. Fries
72%
. Match
72%
. Woah Bunch
72%
. Bomby
71%
. No Name
71%
. Donut
69%
. Ice Cube
69%
. Needle
69%
. Coiny
67%
. Gelatin
67%
. Nickel
67%
. Puffball
67%
. Rocky
67%
. Ruby
67%
. Yellow Face
67%
. Spongy
64%
. Teardrop
64%
. Bubble
59%
. Flower
55%
. Leafy
55%
. Firey Speaker Box
43%
. Puffball Speaker Box
43%
. TV
43%
. Evil Leafy
38%
. The Beautiful Face Devotion Institute
38%
. LRLD
33%
. Team Fries
17%
No matching quizzes found
Score Distribution
Percent of People with Each Score
Percentile by Number Answered
Your Score History
You have not taken this quiz